Don Bernardo O'Higgins, reseña histórica política. En la traslación del Perú a Chile de los restos del ilustre Jeneral

Saved in:
Bibliografiske detaljer
Main Authors: Puelma, L. F. (Author), Vera, R. (Author)
Format: Bog
Sprog:spansk
Udgivet: Santiago Imprenta Chilena, calle del Peumo, Núm. 23 1869
Udgivelse:1a. ed
Fag:
Tags: Tilføj Tag
Ingen Tags, Vær først til at tagge denne postø!

MARC

LEADER 00000nam a2200000 a 4500
001 UCJ5280
003 CL-VaPUC
008 070124e18690115CL |||||||||||||||||spa|d
082 0 4 |a 983  |b PUE  |2 21 
100 0 |a Puelma, L. F.  |e author  |9 510299 
700 0 |a Vera, R.  |e author  |9 510300 
245 1 0 |a Don Bernardo O'Higgins, reseña histórica política. En la traslación del Perú a Chile de los restos del ilustre Jeneral 
250 |a 1a. ed 
300 |a 59 p 
942 |c BK 
945 |d 20070124 00:00:00  |a rinostro 
260 |a Santiago  |b Imprenta Chilena, calle del Peumo, Núm. 23  |c 1869 
500 |a Empastado junto a otra monografía en un volumen rotulado Puelma, Don Bernardo O'Higgins; ubicado en 983 PUE 
600 0 |a O'higgins Riquelme, Bernardo  |9 387808 
650 7 |a BIOGRAFIA  |2 CL-VaPUC  |9 504622 
650 7 |a REVOLUCION DE LA INDEPENDENCIA  |2 CL-VaPUC  |9 316035 
650 0 |a Homenajes  |9 258192 
650 0 |a Historia de Chile  |9 265473 
651 7 |a CHILE  |2 CL-VaPUC  |9 510301 
651 0 |a Perú  |9 256567 
583 |a last modification  |c 20070124 00:00:00  |k Rodrigo Vera 
999 |c 321390  |d 321388 
952 |0 0  |1 0  |4 0  |6 983_000000000000000_PUE_1869  |7 0  |8 X  |9 400115  |a FDOBUD  |b FDOBUD  |d 2019-11-22  |i 1032356  |o 983 PUE 1869  |p 1032356  |r 2019-11-22  |w 2019-11-22  |y BK_X  |k BUD